[Event "PNWCC Super G60 Mar Gp2"]
[Site "Chess.com INT"]
[Date "2021.03.28"]
[Round "6"]
[White "Ye, Luke Sicong"]
[Black "Deng, Henry"]
[Result "1-0"]
[WhiteElo "1893"]
[BlackElo "1621"]
[PlyCount "141"]
[EventDate "2021.03.27"]
[EventType "swiss (rapid)"]
[EventRounds "6"]
[EventCountry "USA"]
[SourceTitle "CBM 201 Extra"]
[Source "ChessBase"]
[SourceDate "2021.05.31"]
[SourceVersion "1"]
[SourceVersionDate "2021.05.31"]
[SourceQuality "1"]

1. e4 e5 2. Nf3 Nc6 3. Nc3 Nf6 4. d4 exd4 5. Nxd4 Nxe4 6. Nxe4 Qe7 7. f3 d5 8. Bb5 Bd7 9. Bxc6 bxc6 10. 0-0 dxe4 11. fxe4 g6 12. Be3 Bg7 13. Nb3 Be6 14. Bc5 Qg5 15. Ba3 a5 16. c3 a4 17. Nd4 Bc4 18. Rf3 c5 19. Rg3 Qe7 20. Nf5 gxf5 21. Rxg7 fxe4 22. Qh5 0-0-0 23. Bxc5 Qf6 24. Qg4+ Qe6 25. b3 Qxg4 26. Rxg4 Bd5 27. bxa4 Kb7 28. c4 Bc6 29. Rb1+ Ka8 30. Rf4 Rd7 31. Rf6 Bb7 32. a5 Rg8 33. a6 Bc8 34. Be3 Rg6 35. Rxg6 hxg6 36. a7 Bb7 37. Kf2 Rd8 38. a4 f5 39. g3 Rf8 40. h4 Rh8 41. a5 Rd8 42. Bc5 Ba6 43. Rb4 Bb7 44. Ke2 Re8 45. Ke3 Rd8 46. Kf4 Re8 47. Be3 c5 48. Bxc5 e3 49. Rb1 e2 50. Re1 Rc8 51. Bb6 Rxc4+ 52. Kg5 Bf3 53. Kxg6 Bg4 54. h5 Rc6+ 55. Kg5 Rc8 56. h6 Rh8 57. Kg6 Rg8+ 58. Kf7 Rg5 59. h7 Rh5 60. Kg7 Rg5+ 61. Kh8 Bf3 62. Be3 Rg6 63. Rc1 Bc6 64. Bf2 Bb7 65. Rc2 Ba6 66. Rb2 Bb7 67. Rxe2 Rc6 68. Re8+ Bc8 69. Kg7 Rc7+ 70. Kg8 Rxh7 71. Rxc8+ 1-0

[Event "PNWCC Super G60 Mar Gp2"]
[Site "Chess.com INT"]
[Date "2021.03.27"]
[Round "3"]
[White "Goktepe, Derin"]
[Black "Ye, Luke Sicong"]
[Result "1/2-1/2"]
[WhiteElo "1697"]
[BlackElo "1893"]
[PlyCount "33"]
[EventDate "2021.03.27"]
[EventType "swiss (rapid)"]
[EventRounds "6"]
[EventCountry "USA"]
[SourceTitle "CBM 201 Extra"]
[Source "ChessBase"]
[SourceDate "2021.05.31"]
[SourceVersion "1"]
[SourceVersionDate "2021.05.31"]
[SourceQuality "1"]

1. d4 Nf6 2. c4 e6 3. Nf3 d5 4. e3 a6 5. Nbd2 dxc4 6. Bxc4 b5 7. Bd3 Bb7 8. 0-0 Nbd7 9. b3 Be7 10. Qe2 0-0 11. a4 c6 12. Bb2 Re8 13. Rfc1 Nd5 14. Nf1 Bd6 15. Ng3 Bxg3 16. hxg3 Rc8 17. Qd2 1/2-1/2

[Event "PNWCC PDT Section 1"]
[Site "Chess.com INT"]
[Date "2021.01.30"]
[Round "2"]
[White "Kunka, Harshid"]
[Black "Ye, Luke Sicong"]
[Result "1-0"]
[WhiteElo "1913"]
[BlackElo "1893"]
[PlyCount "83"]
[EventDate "2021.01.30"]
[EventType "swiss (rapid)"]
[EventRounds "3"]
[EventCountry "USA"]
[SourceTitle "CBM 200 Extra"]
[Source "ChessBase"]
[SourceDate "2021.03.31"]
[SourceVersion "1"]
[SourceVersionDate "2021.03.31"]
[SourceQuality "1"]

1. e4 c5 2. Nf3 d6 3. d4 cxd4 4. Nxd4 Nf6 5. Nc3 a6 6. Bg5 e6 7. f4 Be7 8. Qf3 Qc7 9. 0-0-0 Nbd7 10. Bd3 h6 11. Bh4 g5 12. fxg5 Ne5 13. Qe2 Nfg4 14. h3 hxg5 15. Bg3 Nxd3+ 16. cxd3 Ne5 17. Kb1 Bd7 18. Rc1 Qd8 19. Rhf1 b5 20. Bxe5 dxe5 21. Nf3 f6 22. Nd1 Rc8 23. Ne3 b4 24. Nc4 Bb5 25. Rfd1 Bxc4 26. dxc4 Qb6 27. h4 gxh4 28. Nxe5 fxe5 29. Qg4 Rh6 30. Qg8+ Bf8 31. Rf1 Qc5 32. Qf7+ Kd8 33. Rcd1+ Bd6 34. Qg7 Ke8 35. Qg8+ Kd7 36. Rf7+ Kc6 37. Qxc8+ Kb6 38. Rb7+ Ka5 39. Qd8+ Ka4 40. b3+ Ka3 41. Qxd6 Qf2 42. Qxa6# 1-0

[Event "PNWCC PDT Section 1"]
[Site "Chess.com INT"]
[Date "2021.01.30"]
[Round "1"]
[White "Zhang, Alan"]
[Black "Ye, Luke Sicong"]
[Result "1-0"]
[WhiteElo "2077"]
[BlackElo "1893"]
[PlyCount "125"]
[EventDate "2021.01.30"]
[EventType "swiss (rapid)"]
[EventRounds "3"]
[EventCountry "USA"]
[SourceTitle "CBM 200 Extra"]
[Source "ChessBase"]
[SourceDate "2021.03.31"]
[SourceVersion "1"]
[SourceVersionDate "2021.03.31"]
[SourceQuality "1"]

1. e4 c5 2. Nf3 d6 3. d4 cxd4 4. Nxd4 Nf6 5. Nc3 a6 6. h3 h5 7. g3 b5 8. Bg2 Bb7 9. Qe2 Nc6 10. Be3 e6 11. 0-0-0 Qc7 12. f4 Rc8 13. g4 b4 14. Na4 Nxd4 15. Bxd4 hxg4 16. hxg4 Rxh1 17. Bxh1 Bc6 18. Nb6 Bb5 19. Qf2 Nxg4 20. Qg2 Rb8 21. Qxg4 Rxb6 22. Bxb6 Qxb6 23. Qf3 e5 24. Bg2 Be7 25. Bf1 exf4 26. Qxf4 Bxf1 27. Rxf1 Bf6 28. e5 dxe5 29. Qe4 Qd4 30. Qa8+ Ke7 31. Qb7+ Ke8 32. Re1 a5 33. Qb8+ Ke7 34. Qc7+ Ke8 35. Qxa5 e4 36. Qa8+ Kd7 37. Qb7+ Kd6 38. Qxe4 Qxb2+ 39. Kd1 Qb1+ 40. Ke2 Qxa2 41. Qxb4+ Kc6 42. Qe4+ Qd5 43. Qxd5+ Kxd5 44. Kd3 Kc5 45. Rf1 Kd5 46. Rf5+ Ke6 47. Ke4 Kd6 48. c4 Kc6 49. Kd3 Kd6 50. c5+ Kc6 51. Kc4 Be7 52. Re5 Bf6 53. Re8 g5 54. Rc8+ Kd7 55. Rf8 Kc6 56. Rxf7 Be5 57. Rf5 Bf4 58. Rf6+ Kc7 59. Kd5 Bh2 60. Rf7+ Kd8 61. Rg7 Bf4 62. Kc6 Be5 63. Rxg5 1-0

[Event "PNWCC Online blitz JP 2nd"]
[Site "Chess.com INT"]
[Date "2020.03.21"]
[Round "8"]
[White "Min, Ryan"]
[Black "Ye, Luke Sicong"]
[Result "1-0"]
[WhiteElo "1659"]
[BlackElo "1893"]
[PlyCount "110"]
[EventDate "2020.03.21"]
[EventType "swiss (blitz)"]
[EventRounds "11"]
[EventCountry "USA"]
[SourceTitle "CBM 195 Extra"]
[Source "ChessBase"]
[SourceDate "2020.05.31"]
[SourceVersion "1"]
[SourceVersionDate "2020.05.31"]
[SourceQuality "1"]

1. d4 Nf6 2. c4 e6 3. Nc3 Bb4 4. e3 0-0 5. Bd3 d5 6. cxd5 exd5 7. a3 Bxc3+ 8. bxc3 c6 9. Ne2 Nbd7 10. 0-0 Nb6 11. f3 Re8 12. Ng3 h5 13. Ra2 h4 14. Nh1 Nc4 15. Re2 b5 16. Nf2 Qa5 17. Bxc4 bxc4 18. e4 Qxc3 19. e5 Nh7 20. Bb2 Qb3 21. Qxb3 cxb3 22. Nd3 Ba6 23. Rd2 Ng5 24. Rc1 Bxd3 25. Rxd3 Rab8 26. Rxc6 Ne6 27. Rcc3 Rb6 28. Rxb3 Reb8 29. Rxb6 Rxb6 30. Bc3 Rb3 31. Kf2 Rxa3 32. Ke3 a5 33. Bd2 Rxd3+ 34. Kxd3 a4 35. g3 hxg3 36. hxg3 a3 37. Bc3 Nc7 38. Kc2 Nb5 39. Ba1 Kf8 40. Kb3 Ke7 41. Kb4 Nc7 42. Kxa3 Ke6 43. Kb3 g5 44. Kc3 Kf5 45. Kd3 g4 46. f4 Ne6 47. Ke3 Nxf4 48. gxf4 g3 49. Kf3 g2 50. Kxg2 Kxf4 51. Kf2 Ke4 52. Kg3 Kd3 53. Kf4 Kc2 54. Kf5 Kb1 55. Kf6 Kxa1 1-0

[Event "PNWCC Online blitz JP 2nd"]
[Site "Chess.com INT"]
[Date "2020.03.21"]
[Round "10"]
[White "Tu, Robin"]
[Black "Ye, Luke Sicong"]
[Result "1-0"]
[WhiteElo "1618"]
[BlackElo "1893"]
[PlyCount "93"]
[EventDate "2020.03.21"]
[EventType "swiss (blitz)"]
[EventRounds "11"]
[EventCountry "USA"]
[SourceTitle "CBM 195 Extra"]
[Source "ChessBase"]
[SourceDate "2020.05.31"]
[SourceVersion "1"]
[SourceVersionDate "2020.05.31"]
[SourceQuality "1"]

1. e4 c5 2. Nc3 Nc6 3. f4 g6 4. Nf3 Bg7 5. Bc4 d6 6. d3 e6 7. 0-0 Nge7 8. Qe2 0-0 9. Bd2 Na5 10. Bb3 Nxb3 11. axb3 d5 12. Rae1 b6 13. exd5 Nxd5 14. Nxd5 exd5 15. c3 Be6 16. Ng5 Re8 17. Qf3 h6 18. Nxe6 Rxe6 19. Rxe6 fxe6 20. Qg4 Qf6 21. Re1 Re8 22. c4 Qxb2 23. Rxe6 Bd4+ 24. Kf1 Rxe6 25. Qxe6+ Kh7 26. Qf7+ Bg7 27. f5 Qf6 28. Qxf6 Bxf6 29. fxg6+ Kxg6 30. Ke2 dxc4 31. dxc4 Bg5 32. Bc3 a6 33. Kf3 Kf5 34. g4+ Ke6 35. Ke4 b5 36. cxb5 axb5 37. Be1 Kd6 38. h4 Bc1 39. Kf5 c4 40. bxc4 bxc4 41. Kg6 Kd5 42. Bc3 Ke4 43. Bf6 Kf3 44. g5 hxg5 45. h5 c3 46. Bxc3 g4 47. h6 1-0

[Event "Saint Louis SPICE Cup op 13th"]
[Site "Saint Louis"]
[Date "2019.10.24"]
[Round "4"]
[White "Ye, Luke Sicong"]
[Black "Andersen, Gunnar James"]
[Result "1-0"]
[WhiteElo "1821"]
[BlackElo "2229"]
[PlyCount "117"]
[EventDate "2019.10.22"]
[EventType "swiss"]
[EventRounds "9"]
[EventCountry "USA"]
[SourceTitle "CBM 192 Extra"]
[Source "Chessbase"]
[SourceDate "2019.11.06"]
[SourceVersion "1"]
[SourceVersionDate "2019.11.06"]
[SourceQuality "1"]

1. e4 g6 2. d4 Bg7 3. Nf3 c6 4. Bc4 d5 5. exd5 cxd5 6. Bb5+ Bd7 7. Bxd7+ Qxd7 8. 0-0 Nc6 9. Re1 Nf6 10. Ne5 Qd8 11. c3 0-0 12. Nd2 e6 13. Nxc6 bxc6 14. Nb3 Nd7 15. Bf4 Re8 16. Bd6 Nb6 17. Be5 Nc4 18. Bxg7 Kxg7 19. Qc1 Rb8 20. Rb1 Re7 21. Nc5 Qd6 22. b3 Nb6 23. Qe3 Rbe8 24. Qe5+ Qxe5 25. Rxe5 Nc8 26. Rbe1 Nd6 27. g4 h6 28. Kf1 Nb5 29. R5e3 Rh8 30. h4 Nd6 31. Kg2 h5 32. g5 Nf5 33. Rh3 Rhe8 34. f4 Rb8 35. Kf2 Rb5 36. Re2 Re8 37. Rd2 Reb8 38. Re2 Ra5 39. Ke1 Ra3 40. Kd1 Nd6 41. Kc1 Nb7 42. Kb2 Ra5 43. Nxb7 Rxb7 44. b4 c5 45. dxc5 Rxc5 46. Rf3 d4 47. Re4 Rd5 48. Rd3 dxc3+ 49. Kxc3 Rxd3+ 50. Kxd3 Kf8 51. a4 Ke7 52. Rd4 Rb6 53. b5 Rb7 54. Kc3 Rc7+ 55. Kb4 Rc1 56. Ka5 Rh1 57. Ka6 Rxh4 58. Kxa7 Rh2 59. b6 1-0

[Event "Saint Louis SPICE Cup op 13th"]
[Site "Saint Louis"]
[Date "2019.10.22"]
[Round "1"]
[White "Ye, Luke Sicong"]
[Black "Krykun, Yuriy"]
[Result "0-1"]
[WhiteElo "1821"]
[BlackElo "2350"]
[PlyCount "60"]
[EventDate "2019.10.22"]
[EventType "swiss"]
[EventRounds "9"]
[EventCountry "USA"]
[SourceTitle "CBM 192 Extra"]
[Source "Chessbase"]
[SourceDate "2019.11.06"]
[SourceVersion "1"]
[SourceVersionDate "2019.11.06"]
[SourceQuality "1"]

1. e4 e5 2. Nf3 Nc6 3. Nc3 Nf6 4. d4 Bb4 5. Nxe5 Bxc3+ 6. bxc3 Qe7 7. Nxc6 Qxe4+ 8. Qe2 dxc6 9. f3 Qxe2+ 10. Bxe2 Bf5 11. Bd3 Bxd3 12. cxd3 0-0-0 13. Ba3 Rhe8+ 14. Kd2 Rd5 15. Rhe1 Rxe1 16. Kxe1 Rh5 17. Kf2 Rxh2 18. Re1 Rh5 19. Bf8 Ra5 20. a3 g6 21. Be7 Nd5 22. Bb4 Nxb4 23. axb4 Ra2+ 24. Kg3 Kd7 25. Rc1 Rd2 26. Rh1 h5 27. Rc1 Rxd3 28. Kf4 Rd2 29. g4 hxg4 30. fxg4 Kd6 0-1

[Event "USA-ch High School K12"]
[Site "Schaumburg"]
[Date "2019.03.15"]
[Round "1"]
[White "Ye, Luke Sicong"]
[Black "Li, Ben"]
[Result "0-1"]
[WhiteElo "1909"]
[BlackElo "2377"]
[PlyCount "52"]
[EventDate "2019.03.15"]
[EventType "swiss"]
[EventRounds "7"]
[EventCountry "USA"]
[SourceTitle "CBM 189 Extra"]
[Source "ChessBase"]
[SourceDate "2019.05.31"]
[SourceVersion "1"]
[SourceVersionDate "2019.05.31"]
[SourceQuality "1"]

1. e4 e5 2. Nf3 Nf6 3. Nxe5 d6 4. Nf3 Nxe4 5. Nc3 Nxc3 6. dxc3 Be7 7. Be3 0-0 8. Qd2 Nd7 9. 0-0-0 Nf6 10. Bd3 c5 11. h3 Be6 12. g4 Qa5 13. a3 c4 14. Be2 Ne4 15. Qe1 d5 16. Bd4 Bxa3 17. Bxc4 Bd6 18. Kb1 b5 19. Bd3 b4 20. c4 Rac8 21. Bxe4 dxe4 22. Nd2 Bxc4 23. Nxc4 Rxc4 24. Bxg7 Kxg7 25. Rxd6 Rfc8 26. Rd2 b3 0-1

[Event "Eastern op 45th"]
[Site "Tysons"]
[Date "2018.12.29"]
[Round "5"]
[White "Ye, Luke Sicong"]
[Black "De Fotis, Gary"]
[Result "0-1"]
[WhiteElo "1898"]
[BlackElo "1993"]
[PlyCount "88"]
[EventDate "2018.12.27"]
[EventType "swiss"]
[EventRounds "7"]
[EventCountry "USA"]
[SourceTitle "CBM 188 Extra"]
[Source "ChessBase"]
[SourceDate "2019.02.28"]
[SourceVersion "1"]
[SourceVersionDate "2019.02.28"]
[SourceQuality "1"]

1. e4 c5 2. Nf3 d6 3. d4 cxd4 4. Nxd4 Nf6 5. f3 e5 6. Nb3 d5 7. exd5 Qxd5 8. Nc3 Qxd1+ 9. Kxd1 a6 10. Bd3 Nc6 11. a3 Be6 12. Be3 Nd7 13. Nd2 Be7 14. Nde4 h6 15. Ng3 g6 16. h4 f5 17. Nge2 Kf7 18. h5 g5 19. Bf2 Nc5 20. Bxc5 Bxc5 21. Ng3 Ne7 22. Ke2 Rac8 23. Rab1 Kf6 24. Kd2 Rhd8 25. b4 Bd4 26. Nce2 Bb6 27. Nc3 Bc4 28. Na4 Bf2 29. Nf1 e4 30. fxe4 fxe4 31. Ke2 exd3+ 32. Kxf2 dxc2 33. Rc1 Bb5 34. Nc5 b6 35. Ne4+ Ke5 36. Nfd2 Rf8+ 37. Kg3 Nf5+ 38. Kh2 Nd4 39. Rhe1 Kd5 40. Ng3 Rf2 41. Nde4 Nf3+ 42. Kh3 Bd7+ 43. Nf5 Bxf5+ 44. Kg3 Bxe4 0-1